| 000 | 00679nam a22002057a 4500 | ||
|---|---|---|---|
| 003 | OSt | ||
| 005 | 20251202130601.0 | ||
| 008 | 251202b |||||||| |||| 00| 0 eng d | ||
| 020 | _a 978-971-27-2494-7. | ||
| 040 |
_aDWCL-Admin lib _cOC |
||
| 082 | _aFil. 909 D542w 2011 | ||
| 100 | _aDiaz, Christine L. | ||
| 245 |
_aWorld history : new perspective : _bthe beginning to the middle ages / _cChristine L. Diaz |
||
| 260 |
_aMandaluyong City : _b Anvil Pub ., Inc. , _cc2011 |
||
| 300 |
_a xiii, 201 p. : il. ; _c22 cm. |
||
| 650 | _a1. World history-Historiography | ||
| 650 | _a2. World history-Miscellanea. | ||
| 650 | _a3. World history. | ||
| 942 |
_2ddc _cBK - FIL _kFil. _n0 |
||
| 999 |
_c6709 _d6709 |
||